000 00522nam a2200181Ia 4500
005 20250619151334.0
008 008 250516s9999 xx 000 0 eng d
020 _a9780670095940
040 _beng
_cSDCL
041 _aeng
_2eng
084 _aX:75.2'P R4
100 _aMuralidharan, Karthik
_9809539
245 0 _aAccelerating India's development :
_bA statae-led roadmap for effective governance
260 _aGurugram :
_bPenguin,
_c2024.
300 _axiii, 812p.
650 _aEconomics
942 _cTEXL
_2CC
999 _c1429469
_d1429469